000 06071cgm a2201105Ii 4500
001 ocn624365251
003 OCoLC
005 20200320211928.0
007 vd cvaizq
008 100520p20101997cau155 vleng d
019 _a1014383549
_a1020456377
_a1032251115
_a1037079100
_a1037232787
_a1037982974
020 _a1419893718
020 _a9781419893711
020 _c10.00
024 1 _a883929107711
024 1 _a883929141531
028 4 2 _a3000029975
_bWarner Home Video
028 4 2 _a3000031360
_bWarner Home Video
029 1 _aAU@
_b000055083918
035 _a(OCoLC)624365251
_z(OCoLC)1014383549
_z(OCoLC)1020456377
_z(OCoLC)1032251115
_z(OCoLC)1037079100
_z(OCoLC)1037232787
_z(OCoLC)1037982974
037 _bMidwest Tape
_nhttp://www.midwesttapes.com
040 _aTEFMT
_beng
_erda
_cTEFMT
_dTEF
_dYDXCP
_dTEF
_dOCLCA
_dOCLCQ
_dVPI
_dOCLCF
_dP4I
_dOCLCO
_dOCLCA
_dOCL
_dOCLCO
_dOCLCA
_dNRM
_dMNO
_dOCLCO
_dOCL
_dOCLCO
_dCNUTO
_dOCLCQ
_dKYD
_dWACOL
041 1 _aeng
_afre
_jeng
_jfre
_jspa
_heng
043 _an-us-ga
046 _k1997
049 _aWACL
050 1 4 _aPN1997
_b.M53 2010
055 3 _aF294.S2
_bB4823 2010
082 0 4 _a791.43/72
_222
092 _aDVD
_bMid
245 0 0 _aMidnight in the garden of good & evil /
_cWarner Bros. presents a Malpaso production ; in association with Silver Pictures ; produced by Arnold Stiefel ; screenplay by John Lee Hancock ; directed and produced by Clint Eastwood.
246 3 _aMidnight in the garden of good and evil
246 1 _iFrench title:
_aMinuit dans le jardin du bien et du mal
260 _aBurbank, CA :
_bDistributed by Warner Home Video,
_c[2010]
300 _a1 videodisc (155 min.) :
_bsound, color ;
_c4 3/4 in.
336 _atwo-dimensional moving image
337 _avideo
338 _avideodisc
344 _adigital
_boptical
_gsurround
_hDolby Digital 5.1
_2rda
346 _bNTSC
_2rda
347 _avideo file
_bDVD video
_eregion 1
_2rda
380 _aMotion picture.
490 1 _aClint Eastwood collection
538 _aDVD, region 1, widescreen (matted, enhanced) presentation; Dolby Digital 5.1 surround, dual-layer.
546 _aEnglish or dubbed French dialogue, English, French or Spanish subtitles; closed-captioned.
511 1 _aKevin Spacey, John Cusack, Jack Thompson, Irma P. Hall, Jude Law, Alison Eastwood, Paul Hipp, The Lady Chablis, Geoffrey Lewis.
508 _aDirector of photography, Jack N. Green ; editor, Joel Cox ; music, Lennie Niehaus.
500 _aBased on the book by John Berendt.
500 _aOriginally released as a motion picture in 1997.
521 8 _aMPAA rating: R; for language and brief violence.
521 8 _aCVH rating: 14A.
520 _aAffable Jim Williams is hosting one of the most important parties of the Savannah Christmas season. John Kelso is a magazine reporter who finds himself amid the beautiful architecture and odd doings to write a feature on the party. His curiosity is piqued when he meets Jim's violent, young and sexy lover, Billy. Later that night, Billy is dead, and Kelso stays on to cover the murder trial. Between being Jim's buddy, cuddling up to a torch singer, meeting every eccentric in Savannah, participating in midnight graveyard rituals and helping solve the mysteries surrounding Billy's murder, Kelso has his hands full.
500 _aSpecial features: "The real people in the garden:" comprehensive interactive tour of Savannah with historical note and interviews with the people depicted in the book and movie; theatrical trailer.
540 _aThis DVD disc is copy protected.
650 0 _aParties
_zGeorgia
_zSavannah
_vDrama.
_95971953
650 0 _aReporters and reporting
_zGeorgia
_zSavannah
_vDrama.
_95971954
650 0 _aHomosexuality
_zGeorgia
_zSavannah
_vDrama.
_95971955
650 0 _aTrials (Murder)
_zGeorgia
_zSavannah
_vDrama.
_95971956
650 0 _aMurder
_xInvestigation
_zGeorgia
_zSavannah
_vDrama.
_95971957
650 7 _aFiestas
_zGeorgia
_zSavannah
_vTeatro.
_2bidex
_95971958
650 7 _aReporteros y reportajes
_zGeorgia
_zSavannah
_vTeatro.
_2bidex
_95971959
650 7 _aHomosexuality.
_2fast
_0(OCoLC)fst00959755
_95971960
650 7 _aMurder
_xInvestigation.
_2fast
_0(OCoLC)fst01029788
_988186
650 7 _aParties.
_2fast
_0(OCoLC)fst01054162
_95971961
650 7 _aReporters and reporting.
_2fast
_0(OCoLC)fst01094906
_95971962
650 7 _aTrials (Murder)
_2fast
_0(OCoLC)fst01156368
_95971963
651 7 _aGeorgia
_zSavannah.
_2fast
_0(OCoLC)fst01207319
_95971964
655 7 _aFilm adaptations.
_2fast
_0(OCoLC)fst01710491
_95971965
655 7 _aFiction films.
_2fast
_0(OCoLC)fst01710264
_95674705
655 7 _aFeature films.
_2fast
_0(OCoLC)fst01710384
_95971966
655 7 _aDrama.
_2fast
_0(OCoLC)fst01423879
_95673873
655 7 _aFeature films.
_2lcgft
_95971966
655 7 _aFiction films.
_2lcgft
_95674705
655 7 _aFilm adaptations.
_2lcgft
_95971965
655 0 _aDVD-Video discs.
_95673658
700 1 _aStiefel, Arnold,
_efilm producer.
_95971967
700 1 _aHancock, John Lee,
_escreenwriter.
_940744
700 1 _aEastwood, Clint,
_d1930-
_efilm director,
_efilm producer.
_92607
700 1 _aSpacey, Kevin,
_eactor.
_960523
700 1 _aCusack, John,
_d1966-
_eactor.
_943552
700 1 _aNiehaus, Lennie,
_ecomposer (expression)
_919703
700 1 _aGreen, Jack N.,
_d1946-
_edirector of photography.
_95759352
700 1 _aCox, Joel,
_eeditor of moving image work.
_972838
700 1 _iMotion picture adaptation of (work):
_aBerendt, John,
_d1939-
_tMidnight in the garden of good and evil.
_95971968
710 2 _aWarner Bros. Pictures (1969- )
_968691
710 2 _aMalpaso (Company)
_937512
710 2 _aSilver Pictures.
_964721
710 2 _aWarner Home Video (Firm)
_961103
830 0 _aClint Eastwood collection.
_966696
938 _aYBP Library Services
_bYANK
_n3323389
942 _cDVD
_06
948 _a06/01/2018
_zSirsi
994 _aC0
_bWACOL
996 _a149983
_b34301001552324
_cDVD
_dDVD
_ewcl
_fi
_g6
_h10.00
_lamazon
_mMid
_p06/01/2018
_q12/12/2019
_r11/20/2019
999 _c309844
_d309843